Normal view
MARC view
- Lawrence, D. H.
Entry Personal Name
001 - CONTROL NUMBER
- control field: 11224
003 - CONTROL NUMBER IDENTIFIER
- control field: NUST
005 - DATE AND TIME OF LATEST TRANSACTION
- control field: 20180625114829.0
008 - FIXED-LENGTH DATA ELEMENTS
- fixed length control field: 180625|| aca||aabn | a|a d
040 ## - CATALOGING SOURCE
- Original cataloging agency: NUST
- Transcribing agency: NUST
100 ## - HEADING--PERSONAL NAME
- Personal name: Lawrence, D. H.
- Fuller form of name: (David Herbert),
- Dates associated with a name: 1885-1930
- General subdivision: Criticism and interpretation
- General subdivision: Congresses.
670 ## - SOURCE DATA FOUND
- Source citation: Work cat.: (NUST)0: D.H. Lawrence Conference (1979 : Southern Illinois University, Carbondale) 11223, The collected short stories /, 2010
